000 00543nam a2200193 a 4500
005 20140310183221.0
008 030917s19uu xx 00 eng d
020 _a0471251895
050 _aTX 928
_b.C37 2000
100 _aCasado, Matt A.
245 _aHousekeeping management /
_cMatt A. Casado.
260 _aNew York :
_bJohn Wiley & Sons, Inc,
_c2000.
300 _axiv, 290 p. :
_bill. ;
_c24 cm.
500 _aIncludes Index
521 _aTOU
650 _aHotel housekeeping
_xmanagement
942 _cBK
_2lcc
_kFOR
999 _c20332
_d20332